Un robot dentro de casa / (Registro nro. 9893)
[ vista simple ]
| 000 -CABECERA | |
|---|---|
| Longitud fija campo de control | 01195nam a2200373 a 4500 |
| 003 - • IDENTIFICADOR DELl NÚMERO DE CONTROL | |
| Identificador del número de control | CO-ViMGA |
| 005 - • FECHA Y HORA DE LA ÚLTIMA TRANSACCIÓN | |
| Fecha y hora de la última transacción | 20230915223420.0 |
| 008 - • CÓDIGOS DE INFORMACIÓN DE LONGITUD FIJA | |
| Códigos de información de longitud fija | 141112s2004 ck r 000 u spa d |
| 017 ## - NÚMERO DE COPYRIGHT O DE DEPÓSITO LEGAL | |
| Número de copyright o de depósito legal | B 28201 - 2002 Oficina Depósito Legal Barcelona |
| 020 ## - • NÚMERO INTERNACIONAL NORMALIZADO PARA LIBROS | |
| Número Internacional Normalizado para Libros (ISBN) | 842726044X |
| 040 ## - FUENTE DE LA CATALOGACIÓN | |
| Centro catalogador de origen | CO-ViMGA |
| Lengua de catalogación | spa |
| Centro transcriptor | CO-ViMGA |
| 041 ## - • CÓDIGO DE LENGUA | |
| Código de lengua del texto/banda sonora o título independiente | spa cat |
| 080 ## - NÚMERO DE LA CLASIFICACIÓN DECIMAL UNIVERSAL | |
| Número de la Clasificación Decimal Universal | 087.5 |
| 100 1# - • PUNTO DE ACCESO PRINCIPAL-NOMBRE DE PERSONA | |
| Nombre de persona | Prats, Joan de Déu |
| 240 ## - • TÍTULO UNIFORME | |
| Título uniforme | <a href="Un robot dins de casa Catalán">Un robot dins de casa Catalán</a> |
| 245 10 - • TITULO PROPIAMENTE DICHO | |
| Título | Un robot dentro de casa / |
| Mención de responsabilidad, etc. | texto de Joan de Déu Prats ; ilustraciones de Gloria García |
| 300 ## - • DESCRIPCIÓN FÍSICA | |
| Extensión | [14] p. il. col. 23 cm |
| 490 0# - • MENCIÓN DE SERIE | |
| Mención de serie | La pequeña exploradora |
| 490 0# - • MENCIÓN DE SERIE | |
| Mención de serie | La pequeña exploradora 4 |
| 594 ## - | |
| -- | Traducción de : Un robot dins de casa |
| 650 14 - • PUNTO DE ACCESO ADICIONAL DE MATERIA - TÉRMINO DE MATERIA | |
| Término de materia o nombre geográfico como elemento inicial | Cuentos infantiles |
| 650 14 - • PUNTO DE ACCESO ADICIONAL DE MATERIA - TÉRMINO DE MATERIA | |
| Término de materia o nombre geográfico como elemento inicial | Libro album |
| 700 1# - • PUNTO DE ACCESO ADICIONAL - NOMBRE DE PERSONA | |
| Nombre de persona | García, Gloria 1926 - |
| 926 ## - | |
| -- | MONOMODERN |
| 942 ## - ENTRADA DE ELEMENTOS AGREGADOS (KOHA) | |
| Fuente de clasificaión o esquema | Dewey Decimal Classification |
| Koha [por defecto] tipo de item | LIbro |
| 956 ## - LOCALIZACIÓN Y ACCESO ELECTRÓNICO LOCAL (OCLC) | |
| Nombre de la fuente | 2 |
| 980 ## - EQUIVALENCIA O SECCIÓN-REFERENCIA-INFORME SERIES--NOMBRE / TÍTULO DE PERSONA [LOCAL, CANADA] | |
| Nombre personal | 017. B 28201 - 2002 020. 84 - 272 - 6044 - X 852. 40 M - BN BNALCALA MO04021767 12/176009 DG ALCALA |
| Perdido | Fuente de clasificación o esquema | Estado Físico | No para préstamo | Forma de adquisición | Localización permanente | Localización actual | Fecha adquisición | Serie de enumeración / cronolog&íacute;a | Préstamos totales | Signatura completa | Código de barras | Fecha última consulta | Número de copia | Fecha del precio de reemplazo | Tipo de item de Koha |
|---|---|---|---|---|---|---|---|---|---|---|---|---|---|---|---|
| Dewey Decimal Classification | Sala General | Estacion de Lectura Apiay - Villavicencio | Estacion de Lectura Apiay - Villavicencio | 12/04/2015 | 24/dic/2014 | A PRAr | 27973 | 12/04/2015 | Ej. 1 | 12/04/2015 | LIbro |